000 00834nas a2200253 4500
001 BR2014005037
003 BR-BrBNA
005 20231205124351.0
007 ta
008 230509b bl.|||p| |||| 00| 00por d
040 _aBR-BrBNA
_bpor
_cBiblioteca Nacional de Agricultura
041 _a(Pt)
072 _aK10; F04; P35
100 1 _aDuboc, E.
100 1 _aGuerrini, I.A.
245 1 _aCrescimento inicial e sobrevivência de espécies florestais de matas de galeria no domínio do cerrado em resposta à fertilização
650 _aNITROGÊNIO
650 _aNUTRIENTE
650 _aESPÉCIE NATIVA
650 _aPRODUÇÃO FLORESTAL
773 0 _tEnergia na Agricultura (Brazil)
_xISSN 1808-8759
_g(Jan-Mar 2007), V. 22(1) p. 42-60
_wBR2014005037
909 _a202311
_bLúcia
_c55
_dLúcia Elande
942 _2AGRIS
_n0
_cANA
999 _c238706
_d238706